Introduction to english criticism (Record no. 9274)

MARC details
000 -LEADER
fixed length control field 00513cam a2200193ua 4500
001 - CONTROL NUMBER
control field 10288
005 - DATE AND TIME OF LATEST TRANSACTION
control field 20260515114613.0
008 - FIXED-LENGTH DATA ELEMENTS--GENERAL INFORMATION
fixed length control field 180228n ii |||gr||||Z||||||eng
020 ## - INTERNATIONAL STANDARD BOOK NUMBER
International Standard Book Number 9789351381112
040 ## - CATALOGING SOURCE
Transcribing agency MAIN
082 ## - DEWEY DECIMAL CLASSIFICATION NUMBER
Classification number 809
100 ## - MAIN ENTRY--PERSONAL NAME
Personal name Prasad, Birjadish,
Relator term Editor.
245 ## - TITLE STATEMENT
Title Introduction to english criticism
Statement of responsibility, etc. Ed. by Birjadish Prasad
250 ## - EDITION STATEMENT
Edition statement 1st ed. / rep.
260 ## - PUBLICATION, DISTRIBUTION, ETC.
Place of publication, distribution, etc. Bengaluru:
Name of publisher, distributor, etc. Trinity press,
Date of publication, distribution, etc. 2016.
300 ## - PHYSICAL DESCRIPTION
Extent 257p.
653 ## - INDEX TERM--UNCONTROLLED
Uncontrolled term History, description & criticism
942 ## - ADDED ENTRY ELEMENTS (KOHA)
Koha item type Books
Holdings
Withdrawn status Lost status Damaged status Not for loan Home library Current library Shelving location Date acquired Total checkouts Full call number Barcode Date last seen Date last checked out Copy number Price effective from Koha item type
        Naharkatiya College Library Naharkatiya College Library General stacks 09/19/2020 1 809 | INT 25111 12/01/2020 11/19/2020 1 09/19/2020 Books
        Naharkatiya College Library Naharkatiya College Library General stacks 09/19/2020   809 | INT 25112 09/19/2020   2 09/19/2020 Books
        Naharkatiya College Library Naharkatiya College Library General stacks 09/19/2020   809 | INT 25113 09/19/2020   3 09/19/2020 Books
        Naharkatiya College Library Naharkatiya College Library General stacks 09/19/2020   809 | INT 25114 09/19/2020   4 09/19/2020 Books
        Naharkatiya College Library Naharkatiya College Library General stacks 09/19/2020 1 809 | INT 25115 04/24/2026 02/24/2026 5 09/19/2020 Books